000 00989nam a2200229Ia 4500
999 _c53210
_d53210
001 20251
003 GE_BSU
005 20200727140330.0
008 181216s1984||||ge |||||||||||||| ||geo||
040 _cGE_BSU
041 _ageo
080 _a81'374(038)=353.1'28 ღ-73
100 _aღლონტი, ალექსანდრე
_97842
245 _aქართულ კილო-თქმათა სიტყვის კონა /
_cალექსანდრე ღლონტი (შემდგენელი) ; რედ. დ. ჯიბლაძე.
250 _aმე-2 გამოცემა
264 _aთბილისი :
_bგანათლება,
_c1984.
300 _a800 გვ. ;
_c22 სმ.
653 _aქართულ კილო-თქმათა სიტყვის კონა
653 _aქართული ენა
700 _aჯიბლაძე, დ.
_eრედაქტორი
_98826
942 _cBK
_2udc